How to Create A Successful Business Plan: For Entrepreneurs Scientists Managers and Students (Record no. 43502)

MARC details
000 -LEADER
fixed length control field 00552nam a22001817a 4500
005 - DATE AND TIME OF LATEST TRANSACTION
control field 20250401145225.0
008 - FIXED-LENGTH DATA ELEMENTS--GENERAL INFORMATION
fixed length control field 250401b |||||||| |||| 00| 0 eng d
020 ## - INTERNATIONAL STANDARD BOOK NUMBER
International Standard Book Number 9780000991607
041 ## - LANGUAGE CODE
Language code of text/sound track or separate title eng
082 ## - DEWEY DECIMAL CLASSIFICATION NUMBER
Classification number 658.4012 GAL
100 ## - MAIN ENTRY--PERSONAL NAME
Author Galai, Dan
245 ## - TITLE STATEMENT
Title How to Create A Successful Business Plan: For Entrepreneurs Scientists Managers and Students
260 ## - PUBLICATION, DISTRIBUTION, ETC.
Place New Jersey
Publisher World Scientific Publishing
Publication Year 2024
300 ## - PHYSICAL DESCRIPTION
Extent 309;. pages: 23 cm
650 ## - SUBJECT ADDED ENTRY--TOPICAL TERM
Subject Business Planning
700 ## - ADDED ENTRY--PERSONAL NAME
Co-Author Hillel, Lior and Wiener, Daphna
942 ## - ADDED ENTRY ELEMENTS (KOHA)
Koha item type Books
Holdings
Withdrawn status Lost status Source of classification or shelving scheme Damaged status Not for loan Home library Current library Shelving location Accession Date Vendor Price Bill number Total Checkouts Full call number Barcode No Date last seen Discount Bill Date Koha item type Suggested By
    Dewey Decimal Classification     IMTN IMTN Rack 28-B 03/26/2025 Raghav Books Private Limited 1295.00 2374   658.4012 GAL 33786 04/01/2025 30 02/14/2025 Books Dr. Mantha Raghu (Head Librarian)
Designed & Maintained by: LRC IMT Nagpur Contact: lrc@imtnag.ac.in© 2024. All Rights Reserved.